| 000 | 00398 a2200157 4500 | ||
|---|---|---|---|
| 999 |
_c12750 _d12750 |
||
| 003 | OSt | ||
| 005 | 20240711130757.0 | ||
| 008 | 240711b ||||| |||| 00| 0 eng d | ||
| 020 | _a9781864707151 | ||
| 082 | _a720.92 | ||
| 100 | _a Philip Jodidio | ||
| 245 | _aValode & Pistre: Complete works: 1980 to present | ||
| 260 |
_b Images Publishing Dist Ac _c2023 |
||
| 300 | _a270p; | ||
| 942 | _2ddc | ||